Introducción a la evaluación psicológica
Kaydedildi:
| Yazar: | |
|---|---|
| Materyal Türü: | Kitap |
| Dil: | İspanyolca |
| Baskı/Yayın Bilgisi: |
Madrid
Eds. Pirámide
1992
|
| Seri Bilgileri: | Colección Psicología
|
| Konular: | |
| Etiketler: |
Etiketle
Etiket eklenmemiş, İlk siz ekleyin!
|
MARC
| LEADER | 00000nam a2200000 a 4500 | ||
|---|---|---|---|
| 001 | UCW7589 | ||
| 003 | CL-VaPUC | ||
| 008 | 930513e19920000SP |||||||||||||||||spa|d | ||
| 082 | 0 | 4 | |a 152.8 |b FER |2 21 |
| 100 | |a Fernández Ballesteros, Rocío |e author |9 549940 | ||
| 245 | 1 | 0 | |a Introducción a la evaluación psicológica |
| 300 | |a 2 v | ||
| 942 | |c BK | ||
| 945 | |d 19930513 00:00:00 | ||
| 260 | |a Madrid |b Eds. Pirámide |c 1992 | ||
| 650 | 7 | |a PSICOMETRIA PSICOLOGIA |2 CL-VaPUC |9 308751 | |
| 650 | 0 | |a Psicodiágnóstico |9 312779 | |
| 583 | |a last modification |c 19930513 00:00:00 |k Rodrigo Vera | ||
| 490 | 0 | |a Colección Psicología | |
| 999 | |c 220299 |d 220297 | ||
| 952 | |0 0 |1 0 |4 0 |6 152_800000000000000_FER_1992 |7 0 |8 A |9 212304 |a BIBEDU |b BIBEDU |d 2019-11-15 |h v.1 |i 2805502 |l 1 |o 152.8 FER 1992 |p 2805502 |r 2023-04-05 |s 2023-04-03 |w 2019-11-15 |y BK |k EDU | ||
| 952 | |0 0 |1 0 |4 0 |6 152_800000000000000_FER_1992 |7 0 |8 A |9 212305 |a BIBEDU |b BIBEDU |d 2019-11-15 |h v.2 |i 2805510 |o 152.8 FER 1992 |p 2805510 |r 2019-11-15 |w 2019-11-15 |y BK |k EDU | ||
| 952 | |0 0 |1 0 |4 0 |6 152_800000000000000_FER_1992 |7 0 |8 A |9 212306 |a BIBEDU |b BIBEDU |d 2019-11-15 |h v.1 |i 3648419 |l 2 |o 152.8 FER 1992 |p 3648419 |r 2022-05-18 |s 2022-05-18 |w 2019-11-15 |y BK |k PSI | ||
| 952 | |0 0 |1 0 |4 0 |6 152_800000000000000_FER_1992 |7 0 |8 A |9 212307 |a BIBEDU |b BIBEDU |d 2019-11-15 |h v.2 |i 3648427 |o 152.8 FER 1992 |p 3648427 |r 2019-11-15 |w 2019-11-15 |y BK |k PSI | ||